MARC

LEADER 00000nam0a2200000 4500
001 280631
005 20231101235326.0
035 |a (RuTPU)RU\TPU\book\304183 
090 |a 280631 
100 |a 20150113d1986 k y0rusy5003 ca 
101 0 |a rus 
102 |a RU 
105 |a y z 001zy 
200 1 |a Исследования по теории дифференцируемых функций многих переменных и ее приложениям  |e сборник работ  |f Академия наук СССР (АН СССР), Математический институт им. В. А. Стеклова (МИАН) ; под ред. С. М. Никольского  |h Ч. 11 
210 |a Москва  |c Наука  |d 1986 
215 |d 26 см  |a 273 с. 
225 1 |a Труды Математического института им. В. А. Стеклова (МИАН)  |v Т. 173 
320 |a Библиография в конце статей 
606 1 |a Дифференцируемые функции  |2 stltpush  |3 (RuTPU)RU\TPU\subj\9739  |9 36918 
610 1 |a функции многих переменных 
610 1 |a теорема Хермандера 
610 1 |a пространства Соболева 
610 1 |a ряды Фурье 
610 1 |a суммирование 
610 1 |a дробные разностные операторы 
610 1 |a неравенства 
610 1 |a точные постоянные 
610 1 |a метод конформных отображений 
610 1 |a анизотропные потенциалы 
610 1 |a пространства 
610 1 |a многоугольники 
610 1 |a вырождающиеся эллиптические уравнения 
610 1 |a коэрцитивные свойства 
675 |a 517.518.15  |z rus  |v 3 
702 1 |a Никольский  |b С. М.  |4 340 
712 0 2 |a Академия наук СССР (АН СССР)  |b Математический институт им. В. А. Стеклова (МИАН)  |2 stltpush  |3 (RuTPU)RU\TPU\col\11336 
801 0 |a RU  |b RuMRKP  |c 19950417  |g psbo 
801 1 |a RU  |b 63413507  |c 20150113 
801 2 |a RU  |b 63413507  |c 20170127  |g RCR 
942 |c BK